[Event "Eq:Les Gens du Sud-modesty :"]
[Site "www.echecsemail.com"]
[Date "2026.01.17"]
[Round "1"]
[White "39wx"]
[Black "Breitenbach"]
[WhiteElo "1600"]
[BlackElo "2250"]
[Result "0-1"]
1.e4 c6
2.d4 d5
3.e5 Bc8f5
4.Bf1d3 Bf5xd3
5.Qd1xd3 e6
6.Ng1f3 Ng8e7
7.c3 Ne7f5
8.O-O b5
9.Nb1d2 Nb8d7
10.Rf1e1 h5
11.Nd2f1 Bf8e7
12.Nf1e3 g6
13.Ne3xf5 gxf5
14.b4 a5
15.Bc1d2 a4
16.a3 Nd7b6
17.Bd2c1 Kd7
18.h4 Be7xh4
19.Nf3xh4 Qd8xh4
20.Bc1e3 Ra8g8
21.g3 f4
22.Be3d2 fxg3
{ abandon }0-1

[Event "Défi( 10J+24H/c 10J Max )"]
[Site "www.echecsemail.com"]
[Date "2026.01.18"]
[Round "1"]
[White "Marcgagnon5678"]
[Black "Raztis"]
[WhiteElo "999"]
[BlackElo "1549"]
[Result "0-1"]
1.e4 Ng8f6
2.Nb1c3 e5
3.Ng1f3 c6
4.d3 a5
5.a4 g6
6.Nf3xe5 d6
7.Ne5f3 Qd8e7
8.Bc1g5 h6
9.Bg5xf6 Qe7xf6
10.Qd1d2 Qf6e7
11.d4 d5
12.Nc3e2 Ra8a6
13.Ne2g3 b5
14.h3 h5
15.h4 Bf8h6
16.Qd2d1 dxe4
17.Nf3h2 e3
18.f3 O-O
19.Qd1d3 Bc8f5
20.Ng3xf5 gxf5
21.Qd3xf5 Qe7b4
22.c3 Qb4xb2
23.Qf5b1 Qb2d2
0-1

[Event "Défi( 10J+24H/c 10J Max )"]
[Site "www.echecsemail.com"]
[Date "2026.01.18"]
[Round "1"]
[White "Minon"]
[Black "Poison"]
[WhiteElo "1940"]
[BlackElo "1100"]
[Result "1-0"]
1.e4 e5
2.Ng1f3 d6
3.Bf1c4 Bc8g4
4.h3 Bg4xf3
5.Qd1xf3 Bf8e7
6.Bc4xf7 Kf8
7.Bf7d5 Ke8
8.Bd5xb7 Ng8f6
9.Bb7xa8 Nb8c6
10.Ba8xc6 Kf8
11.Nb1c3 Qd8b8
12.Nc3d5 Be7d8
13.Nd5xf6 gxf6
14.O-O Qb8b6
15.Qf3c3 Qb6b8
16.f4 exf4
17.Rf1xf4 Qb8b6
18.d4 Rh8g8
19.Bc1e3 Rg8g6
20.d5 Qb6b8
21.Ra1f1 Bd8e7
22.Rf4xf6 Be7xf6
23.Rf1xf6 Rg6xf6
24.Qc3xf6 Kg8
25.Be3h6 Qb8xb2
26.Qf6xb2 Kf7
27.Qb2g7 1-0

[Event "Coupe Niveau 4"]
[Site "www.echecsemail.com"]
[Date "2026.01.18"]
[Round "1"]
[White "Darkknight99"]
[Black "Filosofia"]
[WhiteElo "1980"]
[BlackElo "2110"]
[Result "1-0"]
1.d4 c6
2.e4 d5
3.e5 c5
4.dxc5 Nb8c6
5.Ng1f3 Bc8g4
6.c3 e6
7.b4 g6
8.Bc1f4 Bf8g7
9.Nb1d2  { temps }1-0

[Event "Eq:Avalon-LES CHATTERBOX :"]
[Site "www.echecsemail.com"]
[Date "2026.01.18"]
[Round "1"]
[White "Neddy"]
[Black "Uji40"]
[WhiteElo "1410"]
[BlackElo "1640"]
[Result "0-1"]
1.e4 e5
2.Ng1f3 Nb8c6
3.Nb1c3 Ng8f6
4.Bf1c4 Bf8c5
5.O-O h6
6.Nc3d5 O-O
7.d3 d6
8.Bc1d2 Rf8e8
9.b4 Bc5d4
10.Ra1b1 a6
11.c3 Bd4a7
12.a4 Bc8g4
13.h3 Bg4h5
14.a5 b5
15.Bc4b3 Nc6b8
16.c4 Nf6h7
17.cxb5 axb5
18.Qd1c2 Nh7g5
19.Nf3xg5 c6
20.Ng5xf7 Bh5xf7
21.Nd5e3 Nb8d7
22.Ne3f5 Nd7f8
23.Qc2xc6 Ra8b8
24.Nf5xd6 Re8e6
25.Bb3xe6 Bf7xe6
26.Nd6xb5 Be6d7
27.Qc6d5 Kh8
28.Nb5xa7 Qd8e7
29.Na7c6 Bd7xc6
30.Qd5xc6 Nf8e6
31.Bd2c3 Ne6f4
32.Rf1d1 Qe7g5
33.g3 Nf4e2
34.Kh2 Rb8f8
35.Rd1g1 Rf8xf2
36.Kh1 Ne2xg3
37.Rg1xg3 Qg5xg3
38.Qc6e8 Kh7
39.Qe8h5 Qg3h2
0-1

[Event "Tournoi n27338"]
[Site "www.echecsemail.com"]
[Date "2026.01.18"]
[Round "1"]
[White "Leredoutable"]
[Black "Verson"]
[WhiteElo "1780"]
[BlackElo "1900"]
[Result "0-1"]
1.e4 e6
2.Bf1c4 d5
3.exd5 exd5
4.Bc4b3 Ng8f6
5.d4 c6
6.Ng1f3 Bf8d6
7.Nb1c3 O-O
8.h3 Bc8f5
9.O-O Nb8d7
10.Bc1g5 h6
11.Bg5h4 Qd8c7
12.Qd1d2 Nf6e4
13.Qd2e1 Ne4xc3
14.bxc3 Bf5e4
15.c4 Rf8e8
16.Qe1c3 Re8e6
17.Bh4g3 Bd6xg3
18.fxg3 Qc7xg3
19.Ra1b1 Re6g6
20.Rf1f2 Qg3xh3
21.cxd5 cxd5
22.Rb1e1 Qh3h5
23.Re1e3 Be4xf3
24.Re3xf3 Rg6c6
25.Qc3d3 Rc6f6
26.Rf3f5 Rf6xf5
27.Rf2xf5 Qh5g4
28.Bb3xd5 Nd7f6
29.Bd5xb7 Ra8b8
30.Bb7f3 Rb8b1
31.Kf2 Qg4h4
32.Ke3 Qh4e1
33.Qd3e2 Qe1c3
34.Kf2 Qc3xd4
35.Qe2e3 Qd4xe3
36.Kxe3 Kf8
 { temps }0-1

[Event "Défi( 10J+24H/c 10J Max )"]
[Site "www.echecsemail.com"]
[Date "2026.01.18"]
[Round "1"]
[White "Mimi66"]
[Black "Speedyfil"]
[WhiteElo "1370"]
[BlackElo "1440"]
[Result "0-1"]
1.e4 c6
2.Qd1f3 d5
3.d4 e6
4.e5 Bf8e7
5.Ng1h3 h6
6.Bf1d3 Be7b4
7.c3 Bb4a5
8.Bd3g6 fxg6
9.O-O Ng8e7
10.g4 Rh8f8
11.Qf3e3 g5
12.Qe3d3 b5
13.Qd3h7 Rf8f7
14.Qh7d3 Nb8d7
15.Nb1d2 a6
16.Nd2f3 c5
17.Qd3h7 Nd7f8
18.Bc1xg5 Nf8xh7
19.dxc5 Rf7xf3
20.Kg2 Nh7xg5
21.Nh3xg5 Rf3f4
 { temps }0-1

[Event "Tetraktus 103"]
[Site "www.echecsemail.com"]
[Date "2026.01.18"]
[Round "1"]
[White "Bertelsen"]
[Black "Connecticcut"]
[WhiteElo "1730"]
[BlackElo "1910"]
[Result "0-1"]
1.e4 e5
2.Ng1f3 Nb8c6
3.Bf1b5 Qd8f6
4.h3 Bf8c5
5.O-O Ng8e7
6.d3 h6
7.c3 O-O
8.Qd1e2 d5
9.b4 dxe4
10.dxe4 Bc5b6
11.a4 a5
12.Bc1a3 axb4
13.Bb5xc6 Ne7xc6
14.cxb4 Nc6d4
15.Nf3xd4 Bb6xd4
16.Ra1a2 Ra8xa4
17.Qe2b5 Qf6c6
18.Qb5xc6 bxc6
19.b5 c5
20.Rf1e1 Bc8e6
21.Ra2c2 Be6c4
22.Re1c1 Bc4d3
23.Ba3xc5 Bd3xc2
24.Bc5xf8 Bc2xb1
25.Bf8xg7 Bb1xe4
26.Bg7xh6 Ra4a1
27.Rc1xa1 Bd4xa1
28.g3 Be4d3
29.b6 cxb6
30.Bh6d2 e4
31.Kg2 Ba1b2
32.f4 f5
33.Kf2 Bb2a3
34.Bd2c3 Kf7
35.g4 Kg6
36.g5 Kh5
37.Ke3 b5
38.Bc3d4 Ba3c1
{ abandon }0-1

[Event "Défi( 10J+24H/c 10J Max )"]
[Site "www.echecsemail.com"]
[Date "2026.01.18"]
[Round "1"]
[White "Minon"]
[Black "Poison"]
[WhiteElo "1940"]
[BlackElo "1100"]
[Result "1-0"]
1.e4 e5
2.Ng1f3 Ng8f6
3.Bf1c4 d6
4.Nf3g5 h6
5.Ng5xf7 Qd8e7
6.Nf7xh8 Nb8c6
7.Nh8g6 Qe7f7
8.Bc4xf7 Kxf7
9.Ng6h4 Nf6xe4
10.d3 Ne4g5
11.Bc1xg5 hxg5
12.Qd1f3 Ke7
13.Nh4f5 Kd7
14.Nf5xg7 Bf8xg7
15.Qf3f7 Kd8
16.Qf7xg7 Bc8e6
17.Qg7f8 Kd7
18.Qf8xa8 Be6f5
19.Qa8xb7 Nc6d4
20.Nb1a3 Nd4xc2
21.Na3xc2 Bf5xd3
22.Nc2b4 Bd3c4
23.Qb7c6 Kc8
24.Qc6xc4 a5
25.Qc4a6 Kb8
26.Nb4c6 1-0

[Event "Défi"]
[Site "www.echecsemail.com"]
[Date "2026.01.18"]
[Round "1"]
[White "Kiki38"]
[Black "Bouffon"]
[WhiteElo "1490"]
[BlackElo "1730"]
[Result "0-1"]
1.e4 e5
2.Bf1c4 Ng8f6
3.Ng1f3 d6
4.d3 Bf8e7
5.O-O O-O
6.Nb1c3 c6
7.a3 Nb8d7
8.Bc4a2 b5
9.d4 Bc8b7
10.d5 Nd7c5
11.b4 Nc5d7
 { temps }0-1

[Event "Défi( 10J+24H/c 10J Max )"]
[Site "www.echecsemail.com"]
[Date "2026.01.18"]
[Round "1"]
[White "Luc20"]
[Black "Titit1"]
[WhiteElo "1810"]
[BlackElo "1460"]
[Result "1-0"]
1.e4 Ng8f6
2.Nb1c3 e5
3.Ng1f3 Nb8c6
4.d4 d6
5.Bf1b5 Bc8d7
6.Bc1g5 Bf8e7
7.d5 a6
8.Bb5a4 O-O
9.O-O b5
10.dxc6 Bd7xc6
11.Ba4b3 Bc6d7
12.Rf1e1 Nf6h5
13.Bg5xe7 Qd8xe7
14.Nc3d5 Qe7d8
15.Nf3xe5 dxe5
16.Qd1xh5 Bd7e6
17.Qh5xe5 Ra8c8
18.Ra1d1 Qd8d7
19.Nd5b6 cxb6
20.Rd1xd7 { abandon }1-0

[Event "Eq:Pirates du Mat-les modestes :"]
[Site "www.echecsemail.com"]
[Date "2026.01.18"]
[Round "1"]
[White "Majula"]
[Black "Berniz"]
[WhiteElo "1620"]
[BlackElo "2210"]
[Result "0-1"]
1.d4 Ng8f6
2.Ng1f3 d6
3.Nb1c3 g6
4.e4 Bf8g7
5.h3 O-O
6.Bf1c4 Nb8d7
7.O-O e5
8.b4 a5
9.bxa5 Ra8xa5
10.Rf1e1 exd4
11.Nf3xd4 Ra5c5
12.Qd1e2 Nd7e5
13.Bc4xf7 Rf8xf7
14.Nc3d5 Nf6xd5
15.exd5 Rc5xd5
16.c3 Rd5c5
17.Bc1d2 Qd8f6
18.f3 Ne5c4
19.Qe2e8 Rf7f8
20.Qe8e6 Bc8xe6
21.Nd4xe6 Nc4xd2
22.Ne6xc5 dxc5
{ abandon }0-1

[Event "Eq:Pirates du Mat-les modestes :"]
[Site "www.echecsemail.com"]
[Date "2026.01.18"]
[Round "1"]
[White "Berniz"]
[Black "Majula"]
[WhiteElo "2210"]
[BlackElo "1620"]
[Result "1-0"]
1.d4 d5
2.Ng1f3 Ng8f6
3.Bc1f4 Bc8f5
4.e3 a6
5.Nb1d2 h6
6.c4 e6
7.Ra1c1 Bf8b4
8.Bf1e2 Nf6e4
9.cxd5 exd5
10.Bf4xc7 Bb4xd2
11.Nf3xd2 Qd8d7
12.Nd2xe4 Bf5xe4
13.O-O O-O
14.Qd1b3 b5
15.Rc1c3 Nb8c6
16.Bc7g3 g5
17.Rf1c1 Ra8c8
18.a4 Nc6a5
19.Qb3b4 Rc8xc3
20.Rc1xc3 Na5c6
21.Qb4d6 Qd7xd6
22.Bg3xd6 Rf8c8
23.axb5 axb5
24.Be2xb5 Nc6a7
25.Rc3xc8 Na7xc8
26.Bd6c5 Kg7
27.Bb5d7 { abandon }1-0

[Event "Défi"]
[Site "www.echecsemail.com"]
[Date "2026.01.18"]
[Round "1"]
[White "Buzz84"]
[Black "Neddy"]
[WhiteElo "1500"]
[BlackElo "1410"]
[Result "0-1"]
1.d4 d5
2.Nb1c3 e6
3.Bc1f4 Ng8f6
4.Nc3b5 Bf8d6
5.e3 Bd6xf4
6.exf4 Bc8d7
7.Nb5c3 O-O
8.Bf1d3 Nb8c6
9.Ng1f3 h6
10.h3 Nc6b4
11.O-O a5
12.Nf3e5 g6
13.Ne5xg6 fxg6
14.Bd3xg6 Bd7e8
15.f5 Be8xg6
16.fxg6 b6
17.a3 Nb4c6
18.Qd1d2 Kg7
19.h4 Nc6e7
20.Ra1e1 Qd8d7
21.Qd2e3 Ne7xg6
22.h5 Nf6g4
23.Qe3g3 e5
24.hxg6 e4
25.Nc3d1 Rf8f6
26.Nd1e3 Rf6xg6
27.f4 Ng4xe3
28.Qg3xe3 Qd7g4
29.Re1e2 Qg4g3
30.Qe3f2 Rg6g4
31.f5 Kf6
32.Qf2xg3 Rg4xg3
33.Kh2 Ra8g8
34.c3 h5
35.c4 c6
36.Re2c2 h4
37.cxd5 cxd5
38.Rc2c6 Kf7
39.Rc6g6 Rg8xg6
40.fxg6 Kxg6
41.Kg1 e3
42.Rf1e1 Kf5
43.Re1e2 Ke4
44.b4 axb4
45.axb4 b5
46.Kf1 Kxd4
47.Ke1 Kc4
48.Kd1 Kxb4
49.Kc2 Kc4
50.Kd1 Kc3
51.Ke1 d4
52.Kd1 h3
53.gxh3 Rg3xh3
54.Re2c2 Kd3
{ abandon }0-1

[Event "Tournoi n27252"]
[Site "www.echecsemail.com"]
[Date "2026.01.18"]
[Round "1"]
[White "Jlr"]
[Black "Voyageur"]
[WhiteElo "1360"]
[BlackElo "1510"]
[Result "0-1"]
1.e4 g6
2.d4 d6
3.Nb1c3 b6
4.Qd1f3 Bc8b7
5.Bc1f4 Bf8g7
6.O-O-O Nb8d7
7.d5 Ng8f6
8.Qf3h3 O-O
9.Bf1b5 Nd7c5
10.Ng1f3 Nc5xe4
11.Nc3xe4 Nf6xe4
12.Bf4e3 a6
13.Bb5d3 Bb7xd5
14.Nf3g5 Ne4xg5
15.Be3xg5 Bd5e6
16.b3 Be6xh3
17.gxh3 c5
18.c4 Qd8c7
19.f4 f6
20.Bg5h4 d5
21.Bh4g3 dxc4
22.Bd3xc4 Kh8
23.f5 Qc7c6
24.fxg6 hxg6
25.Bc4d5 Bg7h6
26.Kc2 Qc6d7
27.Bd5xa8 Qd7f5
28.Rd1d3 Rf8xa8
29.Rh1e1 Ra8e8
30.Re1d1 Bh6f4
31.Bg3f2 Bf4xh2
32.Rd1d2 Bh2f4
33.Rd2e2 Re8d8
34.Re2d2 Bf4xd2
35.Kxd2 Qf5xd3
36.Ke1 Qd3d2
37.Kf1 Rd8d3
38.Kg2 Qd2e2
39.a4 Rd3d2
40.Kg3 Qe2xf2
41.Kg4 Qf2f5
42.Kg3 Rd2d3
43.Kg2 Qf5f3
{ abandon }0-1

[Event "Défi"]
[Site "www.echecsemail.com"]
[Date "2026.01.18"]
[Round "1"]
[White "Kiki38"]
[Black "Thierry22"]
[WhiteElo "1490"]
[BlackElo "1500"]
[Result "0-1"]
1.d4 d5
2.Ng1f3 Nb8c6
3.e3 Bc8g4
4.Bf1e2 Ng8f6
5.O-O Nf6e4
6.Nf3e5 Nc6xe5
7.dxe5 Bg4xe2
8.Qd1xe2 e6
9.Nb1c3 a6
10.Nc3xe4 dxe4
11.Rf1d1 Qd8g5
12.Rd1d4 Qg5g6
13.b4 Bf8e7
14.f3 exf3
15.Qe2xf3 O-O
16.Rd4g4 Qg6h5
17.Rg4xg7 Kxg7
18.Qf3g3 Kh8
19.Bc1d2 Rf8g8
20.Qg3e1 Qh5g4
21.Qe1f2 Be7h4
22.g3 Bh4e7
23.Ra1f1 Ra8f8
24.Qf2g2 c6
25.Rf1f4 Qg4d1
26.Rf4f1 Qd1xc2
27.a3 Qc2b2
28.Rf1d1 Qb2xa3
29.Rd1b1 Qa3a2
30.Rb1d1 Qa2b2
31.Qg2f1 Be7xb4
32.Qf1e1 Rf8d8
33.Bd2xb4 Rd8xd1
34.Qe1xd1 Qb2xb4
{ abandon }0-1

[Event "Défi"]
[Site "www.echecsemail.com"]
[Date "2026.01.18"]
[Round "1"]
[White "Khamis"]
[Black "Lancov"]
[WhiteElo "1920"]
[BlackElo "1930"]
[Result "1-0"]
1.d4 d6
2.c4 Ng8f6
3.Nb1c3 g6
4.e4 Bf8g7
5.h3 c6
6.Bc1f4 a6
7.Ng1f3 Nb8d7
8.Bf1e2 b5
9.cxb5 axb5
10.e5 dxe5
11.dxe5 Nf6g8
12.O-O Ng8h6
13.Qd1d2 Nh6f5
14.a3 O-O
15.Rf1d1 e6
16.g4 Nf5e7
17.Bf4h6 Ne7d5
18.Nc3xd5 exd5
19.Bh6xg7 Kxg7
20.Qd2c3 Bc8b7
21.e6 Kg8
22.exd7 Qd8xd7
23.Qc3f6 Ra8e8
24.Be2d3 c5
25.Rd1e1 c4
26.Bd3c2 Re8e6
27.Qf6h4 d4
28.Re1xe6 Qd7xe6
29.Nf3g5 { abandon }1-0

[Event "Tournoi n27341"]
[Site "www.echecsemail.com"]
[Date "2026.01.18"]
[Round "1"]
[White "Tizi"]
[Black "Wenoketo"]
[WhiteElo "1700"]
[BlackElo "1630"]
[Result "0-1"]
1.Ng1f3 d5
2.d4 Ng8f6
3.c4 dxc4
4.Nb1c3 Bc8f5
5.Bc1g5 e6
6.e3 Bf8e7
7.Bf1xc4 h6
8.Bg5f4 Nb8d7
9.Nc3b5 Be7b4
10.Nf3d2 Bb4a5
11.O-O Ba5xd2
12.Qd1xd2 O-O
13.Bf4xc7 Qd8c8
14.Ra1c1 a6
15.Bc4d3 axb5
16.Bc7d6 Qc8d8
17.Bd6xf8 Bf5xd3
18.Qd2xd3 Kxf8
19.Qd3xb5 Ra8xa2
20.Qb5xb7 Ra2a8
21.Rc1c7 Ra8b8
22.Qb7a7 Rb8xb2
23.h3 Rb2b8
24.Rf1c1 Ke7
25.Qa7c5 Ke8
26.Qc5c6 Ke7
27.Qc6a6 h5
28.Qa6a5 g6
29.Rc7xd7 Nf6xd7
30.Qa5a3 Ke8
31.d5 exd5
32.Rc1d1 Nd7e5
33.Qa3a1 Qd8d6
34.Qa1a5 Rb8d8
35.f4 Ne5c4
36.Qa5b5 Kf8
37.e4 Qd6xf4
38.exd5 Nc4e3
39.Qb5c5 Kg8
40.Rd1e1 Ne3f5
41.Qc5b6 Rd8d6
42.Qb6b8 Kg7
43.Re1e8 Qf4d4
44.Kh2 Qd4xd5
45.Re8g8 Kf6
46.Rg8h8 Qd5e5
47.g3 Rd6d2
48.Kg1 Qe5e1
0-1

[Event "Coupe Niveau 4"]
[Site "www.echecsemail.com"]
[Date "2026.01.18"]
[Round "1"]
[White "Djayphil"]
[Black "Verson"]
[WhiteElo "2040"]
[BlackElo "1870"]
[Result "1-0"]
1.e4 e6
2.d4 d5
3.e5 c5
4.c3 Nb8c6
5.Ng1f3 Qd8b6
6.a3 cxd4
7.cxd4 Ng8e7
8.Bf1d3 Ne7g6
9.g3 Bf8e7
10.h4 Bc8d7
11.Bd3c2 Ra8c8
12.Nb1c3 Nc6a5
13.Nc3a4 Qb6a6
14.Na4c5 Be7xc5
15.dxc5 O-O
16.Bc2d3 Bd7b5
17.Bd3xb5 Qa6xb5
18.b4 Na5c4
19.Qd1d4 b6
20.O-O bxc5
21.bxc5 Qb5xc5
22.Qd4xc5 Rc8xc5
23.Bc1g5 Ng6xe5
24.Nf3xe5 Nc4xe5
25.Bg5e7 Rc5c2
26.Be7xf8 Kxf8
27.Kg2 d4
28.Rf1d1 d3
29.Ra1b1 Ne5g4
30.Rd1xd3 Ng4xf2
31.Rd3d8 Ke7
32.Rd8d4 e5
33.Rd4a4 h5
34.Ra4xa7 Kd6
35.Ra7xf7 Nf2g4
36.Kg1 g6
37.a4 Rc2a2
38.Rf7a7 Ng4e3
39.Ra7a6 Kd5
40.Ra6xg6 Ra2xa4
41.Rg6g5 Ra4a2
42.Rb1b5 Kd4
43.Rb5xe5 Ne3g4
44.Re5b5 Ng4e3
45.Rb5b4 Kc3
46.Rb4f4 Kd3
47.Rf4f3 Ra2a1
48.Kh2 Kd4
49.Rf3xe3 Kxe3
50.Rg5xh5 Ra1a2
51.Kh3 Kf3
52.Rh5f5 Ke4
53.Kg4 Ra2a8
54.h5 { abandon }1-0

[Event "Marmotte chess 2"]
[Site "www.echecsemail.com"]
[Date "2026.01.18"]
[Round "1"]
[White "Titit1"]
[Black "Janolapin"]
[WhiteElo "1450"]
[BlackElo "1620"]
[Result "0-1"]
1.e4 g6
2.Ng1f3 d6
3.d4 Bf8g7
4.Bf1b5 Bc8d7
5.Qd1e2 a6
6.Bb5xd7 Nb8xd7
7.O-O c6
8.Nb1c3 e6
9.Bc1g5 f6
10.Bg5e3 Ng8h6
11.Qe2d2 Nh6g4
12.h3 Ng4xe3
13.Qd2xe3 O-O
14.Ra1d1 d5
15.exd5 exd5
16.Qe3c1 Nd7b6
17.Rf1e1 Qd8d7
18.Re1e2 Ra8e8
19.Rd1e1 Re8xe2
20.Re1xe2 Rf8e8
21.Re2e3 Nb6c4
22.Re3xe8 Qd7xe8
23.b3 Nc4d6
24.Kh2 Kf7
25.Qc1f4 Qe8e7
26.Nc3a4 Kg8
27.Na4c5 h6
28.Qf4g4 Kh7
29.c3 a5
30.Nc5e6 f5
31.Nf3g5 hxg5
32.Ne6xg5 Kg8
33.Qg4g3 Nd6f7
34.Ng5f3 Qe7d6
35.Qg3xd6 Nf7xd6
36.Nf3g5 Nd6f7
37.Ng5e6 Bg7f6
38.Ne6c5 Nf7d8
39.Nc5d7 Kf7
40.Nd7c5 Bf6g5
41.Kg3 Bg5d2
42.c4 Bd2c3
43.f3 Bc3xd4
44.Nc5a4 dxc4
45.bxc4 b5
46.cxb5 cxb5
47.Na4c5 Bd4xc5
48.Kf4 Kf6
49.g3 Bc5d6
50.Ke3 Bd6xg3
51.f4 Nd8e6
52.Kf3 Bg3xf4
53.h4 Ke5
54.a3 Kd4
55.Ke2 Kc3
56.Kf3 b4
57.axb4 axb4
58.Ke2 b3
59.Kf3 b2
60.Ke2 b1Q
61.Kf3 Qb1f1
0-1

[Event "Défi"]
[Site "www.echecsemail.com"]
[Date "2026.01.18"]
[Round "1"]
[White "Tiounet"]
[Black "Lancov"]
[WhiteElo "1660"]
[BlackElo "1930"]
[Result "0-1"]
1.a3 d6
2.b4 Ng8f6
3.Bc1b2 g6
4.g3 Bf8g7
5.Bf1g2 c6
6.Ng1f3 Bc8g4
7.O-O Qd8d7
8.Rf1e1 Bg4h3
9.Bg2h1 e5
10.c4 h5
11.Nb1c3 Qd7g4
12.Qd1c2 Nb8d7
13.d3 h4
14.Nc3e4 Nf6xe4
15.dxe4 Nd7f6
16.Qc2d3 O-O-O
17.Qd3e3 Bg7h6
18.Qe3d3 Nf6xe4
19.Nf3xh4 Ne4f6
20.Ra1c1 Bh6xc1
21.Bb2xc1 Rh8xh4
22.Qd3f3 Qg4xf3
23.Bh1xf3 Rh4h7
24.Bc1g5 Nf6d7
25.Bg5xd8 Kxd8
26.e3 f5
27.Re1d1 Kc7
28.a4 e4
29.Bf3h1 Nd7b6
30.a5 Nb6xc4
31.Rd1d4 Nc4e5
32.Rd4d1 Bh3g4
{ abandon }0-1

[Event "Défi( 10J+24H/c 10J Max )"]
[Site "www.echecsemail.com"]
[Date "2026.01.18"]
[Round "1"]
[White "Turbo"]
[Black "Anumisme"]
[WhiteElo "1260"]
[BlackElo "1230"]
[Result "1-0"]
1.d4 d5
2.Ng1f3 Ng8f6
3.h3 e6
4.a3 b6
5.e3 Bf8d6
6.Bf1d3 Bc8b7
7.b3 Nb8c6
8.O-O Qd8e7
9.Bc1b2 O-O-O
10.Qd1e2 Nc6a5
11.b4 Na5c6
12.Bd3a6 Nc6b8
13.Ba6d3 c5
14.bxc5 bxc5
15.dxc5 Bd6xc5
16.Bb2e5 Nf6h5
17.Nf3d2 Qe7g5
18.Nd2f3 Nb8c6
19.Nf3xg5 Nc6xe5
20.Qe2xh5 g6
21.Qh5e2 h6
22.Ng5f3 Ne5d7
23.Nb1c3 f5
24.Nc3a4 Bc5d6
25.Bd3a6 Nd7c5
26.Qe2b5 g5
27.Na4xc5 Bd6xc5
28.Qb5xb7 1-0

[Event "Défi"]
[Site "www.echecsemail.com"]
[Date "2026.01.18"]
[Round "1"]
[White "Jlr"]
[Black "Speedyfil"]
[WhiteElo "1360"]
[BlackElo "1430"]
[Result "1/2-1/2"]
1.e4 d5
2.exd5 Qd8xd5
3.Nb1c3 Qd5a5
4.Bf1b5 c6
5.Bb5e2 Ng8f6
6.a3 e5
7.b4 Qa5c7
8.Be2c4 Bf8d6
9.d4 O-O
10.dxe5 Bd6xe5
11.Bc1g5 Be5xc3
12.Kf1 Bc3xa1
13.Qd1xa1 Nb8d7
14.Ng1f3 b5
15.Bc4d3 Bc8b7
16.g3 c5
17.Bd3e2 c4
18.Bg5f4 Qc7d8
19.Kg2 Qd8e7
20.Rh1e1 Nf6e4
21.Nf3h4 Qe7f6
22.Qa1xf6 Ne4xf6
23.Kh3 Bb7c8
24.Be2f3 Nd7b6
25.g4 h5
26.Nh4f5 Ra8b8
27.Bf4xb8 hxg4
28.Bf3xg4 g6
29.Nf5e7 Kg7
30.Bb8xa7 Bc8xg4
31.Kg3 Nb6d7
32.h3 Bg4f5
33.h4 Nf6h5
34.Kh2 Rf8e8
35.Ba7d4 Nh5f6
36.Bd4xf6 Nd7xf6
37.c3 Nf6g4
38.Kg3 Ng4f6
39.Kf4 Nf6e4
40.Ne7c6 Kf6
41.f3 g5
42.hxg5 Kg6
43.fxe4 Bf5xe4
44.Nc6d4 Be4c6
45.Re1xe8 Bc6xe8
46.Nd4f5 Be8d7
47.Nf5d6 Bd7c6
48.Ke5 Kxg5
49.Nd6xf7 Kg4
50.Kd6 Bc6e8
51.Nf7e5 Kf4
52.Ke6 Ke4
53.Ke7 Kxe5
54.Kxe8 Ke4
55.Kd7 Kd3
56.Kc6 Kxc3
57.Kxb5 Kb3
58.Kc5 c3
59.b5 c2
60.b6 c1Q
61.Kb5 Qc1xa3
62.Kc6 Qa3f8
63.Kc7 Qf8e7
64.Kc6 Qe7e8
65.Kb7 Kb4
66.Ka7 Qe8e3
67.Ka6 Qe3a3
68.Kb7 Kb5
69.Kc7 Qa3c3
70.Kb7 Qc3c6
71.Kb8 Qc6xb6
72.Kc8 Kc6
1/2-1/2

[Event "MI6A"]
[Site "www.echecsemail.com"]
[Date "2026.01.18"]
[Round "1"]
[White "Pherce"]
[Black "Sarcoidose59"]
[WhiteElo "2230"]
[BlackElo "1980"]
[Result "1-0"]
1.e4 e6
2.d4 d5
3.e5 c5
4.c3 Nb8c6
5.Ng1f3 Ng8e7
6.Bf1e2 Qd8b6
7.dxc5 Qb6c7
8.O-O Ne7g6
9.b4 a6
10.Rf1e1 Nc6xe5
11.Nf3xe5 Ng6xe5
12.Bc1f4 Bf8e7
13.Bf4xe5 Qc7d7
14.Be5xg7 Rh8g8
15.Bg7e5 Qd7d8
16.Be2h5 Qd8d7
17.Bh5xf7 Kxf7
18.Qd1h5 Kf8
19.Qh5h6 Ke8
20.Qh6xh7 Rg8f8
21.Nb1d2 Kd8
22.Nd2f3 Qd7e8
23.Nf3d4 Bc8d7
24.Re1e3 Rf8f7
25.Qh7g6 Be7f8
26.Be5f6 Kc8
27.Ra1e1 { abandon }1-0

[Event "Tournoi échelle division 2"]
[Site "www.echecsemail.com"]
[Date "2026.01.18"]
[Round "1"]
[White "Anton17"]
[Black "Patau"]
[WhiteElo "1420"]
[BlackElo "1670"]
[Result "0-1"]
1.e4 e5
2.Ng1f3 c6
3.Nf3xe5 Qd8e7
4.Ne5f3 Qe7xe4
5.Qd1e2 d5
6.Qe2xe4 dxe4
7.Nf3g5 Ng8f6
8.Nb1c3 Bc8f5
9.Bf1c4 Bf8c5
10.Bc4xf7 Ke7
11.Bf7c4 Nb8d7
12.O-O Nd7e5
13.Bc4b3 h6
14.Ng5h3 Bf5xh3
15.gxh3 Ne5f3
16.Kg2 Ra8d8
17.Rf1d1 Nf3d4
18.d3 Nd4xb3
19.axb3 a6
20.Bc1f4 exd3
21.cxd3 Nf6d5
22.Nc3xd5 Rd8xd5
23.f3 Rh8d8
24.Ra1a4 Rd5xd3
25.Rd1xd3 Rd8xd3
26.b4 Bc5e3
27.Bf4xe3 Rd3xe3
28.Kf2 Re3b3
29.Kg3 Rb3xb2
30.f4 Kf6
31.b5 axb5
32.Ra4a7 g5
33.fxg5 Kxg5
34.Ra7xb7 h5
35.Rb7c7 h4
36.Kf3 Rb2b3
37.Kg2 Rb3b2
38.Kg1 Rb2b1
39.Kg2 Rb1b2
40.Kf3 Rb2b3
 { temps }0-1

[Event "Défi( 10J+24H/c 10J Max )"]
[Site "www.echecsemail.com"]
[Date "2026.01.18"]
[Round "1"]
[White "Pourquoipas"]
[Black "Berthe"]
[WhiteElo "1660"]
[BlackElo "1790"]
[Result "1/2-1/2"]
1.f4 e6
2.Ng1f3 d5
3.e3 Bf8c5
4.b3 Ng8f6
5.Bc1b2 Qd8d6
6.Bf1e2 Nb8c6
7.Be2b5 Bc8d7
8.O-O O-O-O
9.a4 Bc5b4
10.c3 Bb4a5
11.b4 Ba5xb4
12.cxb4 Qd6xb4
13.Bb2a3 Qb4e4
14.Nb1c3 Qe4g6
15.Bb5xc6 Bd7xc6
16.Nf3e5 Qg6h6
17.Ne5xf7 Qh6g6
18.Nf7xh8 Rd8xh8
19.Nc3b5 Kb8
20.Qd1b3 d4
21.Rf1f2 dxe3
22.dxe3 h5
23.Qb3xe6 h4
24.h3 Qg6d3
25.Ba3c5 Qd3d8
26.Bc5xa7 Ka8
27.Rf2b2 Rh8e8
28.Qe6f7 Re8e7
29.Qf7b3 Bc6d5
30.Qb3d3 c6
31.Qd3d4 Qd8e8
32.Nb5c3 Re7xe3
33.a5 Re3e1
34.Ra1xe1 Qe8xe1
35.Kh2 Qe1g3
36.Kg1 Qg3e1
37.Kh2 Qe1g3
38.Kh1 Qg3e1
39.Kh2 Qe1g3
40.Kg1 Qg3e1
1/2-1/2

[Event "Coupe Niveau 1"]
[Site "www.echecsemail.com"]
[Date "2026.01.18"]
[Round "1"]
[White "Jlr"]
[Black "4x4"]
[WhiteElo "1370"]
[BlackElo "1490"]
[Result "1-0"]
1.e4 e5
2.Nb1c3 Nb8c6
3.a3 d6
4.Bf1c4 Bc8e6
5.Nc3d5 Qd8d7
6.c3 O-O-O
7.d3 Be6xd5
8.Bc4xd5 f6
9.Ng1f3 Ng8e7
10.Bd5xc6 Ne7xc6
11.b4 a6
12.h3 Nc6a7
13.Bc1e3 Na7c6
14.c4 Nc6b8
15.g4 c5
16.b5 axb5
17.cxb5 Qd7xb5
18.a4 Qb5b4
19.Be3d2 Qb4b6
20.a5 Qb6c6
21.h4 Nb8a6
22.g5 fxg5
23.Bd2xg5 Rd8d7
24.Qd1b3 h6
25.Ke2 hxg5
26.Nf3xg5 g6
27.Ng5f7 Rh8h7
28.Nf7g5 Rh7h5
29.Ng5e6 Bf8g7
30.Ra1g1 Rh5h6
31.Ne6g5 Bg7f6
32.Qb3g8 Rd7d8
33.Qg8e6 Qc6d7
34.Qe6xf6 Na6b4
35.Ng5e6 Rd8e8
36.Rg1xg6 Rh6xg6
37.Qf6xg6 Re8xe6
38.Qg6g8 Re6e8
39.Qg8c4 Qd7g4
40.Ke1 Qg4g2
41.Rh1f1 Re8f8
42.Qc4e6 Kc7
43.Qe6e7 Kc6
44.Qe7xf8 Nb4xd3
45.Ke2 Qg2xe4
46.Kd2 Kb5
47.Qf8e8 Kxa5
48.Rf1a1 Kb4
49.Qe8a4 1-0

[Event "Défi"]
[Site "www.echecsemail.com"]
[Date "2026.01.18"]
[Round "1"]
[White "Majula"]
[Black "Chevalice"]
[WhiteElo "1620"]
[BlackElo "1670"]
[Result "1-0"]
1.d4 d5
2.c4 dxc4
3.e4 e6
4.Bf1xc4 Ng8f6
5.Ng1f3 Nf6xe4
6.O-O Bf8e7
7.Rf1e1 f5
8.a3 b6
9.b4 a6
10.Bc4d3 Qd8d5
11.Nf3e5 Qd5xd4
12.Bd3xe4 O-O
13.Qd1xd4 fxe4
14.Qd4xe4 Ra8a7
15.Ne5c6 { abandon }1-0

[Event "Défi"]
[Site "www.echecsemail.com"]
[Date "2026.01.18"]
[Round "1"]
[White "Majula"]
[Black "Algors"]
[WhiteElo "1640"]
[BlackElo "1760"]
[Result "0-1"]
1.d4 f5
2.Ng1f3 Ng8f6
3.Bc1f4 g6
4.Nb1c3 Bf8g7
5.e3 d6
6.Bf1c4 Nb8c6
7.O-O d5
8.Bc4b5 O-O
9.Rf1e1 Bc8d7
10.Bb5xc6 Bd7xc6
11.h3 a6
12.Nf3e5 Qd8e8
13.Ne5xc6 Qe8xc6
14.f3 Rf8e8
15.Qd1d3 b5
16.b4 h6
17.a3 Nf6h5
18.Bf4h2 Ra8c8
19.f4 e6
20.Nc3e2 Qc6b6
21.c3 Bg7f6
22.g3 g5
23.g4 Nh5g7
24.Kg2 Qb6b7
25.Ne2g3 gxf4
26.exf4 c6
27.gxf5 exf5
28.Ng3xf5 Qb7d7
29.Nf5xh6 Kh8
30.Qd3g6 Re8f8
31.f5 Bf6h4
32.Re1e2 Ng7xf5
33.Bh2e5 Nf5g7
34.Be5xg7 Qd7xg7
35.Qg6xg7 Kxg7
36.Nh6g4 Rc8c7
37.Ra1f1 Rf8xf1
38.Kxf1 Kg6
39.Ng4e5 Kh7
40.Kg2 Rc7g7
41.Ne5g4 Bh4g5
42.Kg3 Bg5c1
43.Re2a2 Rg7f7
44.a4 bxa4
45.Ra2xa4 Rf7a7
46.Ng4e5 Ra7g7
47.Ne5g4 Bc1d2
48.Ra4xa6 Bd2xc3
49.Ra6xc6 Bc3xd4
50.Rc6d6 Bd4e5
51.Kh4 Be5xd6
52.Ng4f6 Kg6
53.Nf6xd5 Rg7h7
54.Kg4 Kf7
55.b5 Ke6
56.Nd5f4 Ke5
57.b6 Rh7b7
58.Nf4g6 Kd5
59.h4 Rb7xb6
60.h5 Rb6b7
61.h6 Ke6
62.Kg5 Rb7h7
63.Kh5 Kf6
64.Ng6h4 Bd6f8
65.Kg4 Rh7xh6
66.Nh4f5 Rh6g6
67.Kf4 Rg6g1
68.Nf5g3 Bf8d6
69.Kg4 Rg1xg3
70.Kh4 Kf5
71.Kh5 Bd6f8
72.Kh4 Kf4
73.Kh5 Kf5
74.Kh4 Kf4
75.Kh5 Kf5
76.Kh4 Kf4
77.Kh5 Bf8e7
78.Kh6 Rg3g5
79.Kh7 Kf5
80.Kh6 Kf6
81.Kh7 Kf7
82.Kh6 Be7f6
{ abandon }0-1

[Event "Défi"]
[Site "www.echecsemail.com"]
[Date "2026.01.18"]
[Round "1"]
[White "Jenperlatete"]
[Black "Manulatus"]
[WhiteElo "1910"]
[BlackElo "1920"]
[Result "0-1"]
1.d4 d5
2.Ng1f3 Ng8f6
3.Nb1c3 Bc8f5
4.h3 h6
5.Bc1f4 a6
6.e3 e6
7.Nf3e5 Bf8e7
8.Bf1d3 Bf5xd3
9.Qd1xd3 c5
10.O-O-O c4
11.Qd3e2 b5
12.g4 Qd8a5
13.g5 hxg5
14.Bf4xg5 b4
15.Kd2 bxc3
16.bxc3 Nf6e4
17.Ke1 Qa5xc3
18.Kf1 Ne4xg5
19.h4 Ng5e4
20.Qe2f3 Ne4f6
21.Kg2 Qc3xc2
22.h5 Qc2e4
23.h6 Qe4xf3
24.Kxf3 Rh8xh6
25.Rh1xh6 gxh6
26.Rd1b1 Nb8d7
27.Ne5xd7 Nf6xd7
{ abandon }0-1